| 000 | 00546nam a2200193 i 4500 | ||
|---|---|---|---|
| 001 | 135048 | ||
| 003 | ES-MaACL | ||
| 005 | 20230906194809.0 | ||
| 007 | t| | ||
| 008 | 070705s1970 sp ||||1| spa d | ||
| 080 | _a820-311.2"19" | ||
| 100 | 1 |
_aThomas, Leslie. _9110031 |
|
| 245 | 1 | 4 |
_aLos soldados vírgenes / _cLeslie Thomas ; [versión de Ramón Alonso]. |
| 250 | _a[1ª ed.]. | ||
| 260 |
_aBarcelona : _bL. Caralt, _c[1970] |
||
| 300 |
_a254 p. ; _c21 cm. |
||
| 700 | 1 |
_aAlonso, Ramón. _920239 |
|
| 852 |
_aES-MaACL _jC-39631 _bR.75394 |
||
| 999 |
_c135048 _d135048 |
||